1282 1486 1372 1504 1902 1624 1000 1223 1828 1079 1257 1655 1442 1353 1361 1103 1148 1680 1458 1821 1549 1976 1956 1174 1126 1878 1389 1480 1580 1427 1966 1584 1120 1634 1446 1937 1900 1545 1110 1639 1974 1619 1049 1192 1934 1570 1149 1012 1417 1848 1101 1859 1696 1857 1124 1042 1013 1460 1762 1693 1271 1593 1417 1691 1252 1698 1322 1355 1961 1825 1709 1181 1530 1785 1293 1986 1740 1987 1185 1991 1215 1792 1244 1556 1359 1288 1249 1790 1111 1069 1051 1971 1634 1949 1633 1257 1626 1385 1195 BCNSPRNW ULIB Ver.6.0+V

เปลี่ยนเป็นภาษาไทย

Change to English
 แสดงรายละเอียดบรรณานุกรม
  กลับหน้าหลัก

Brief Record : Get Marc (ISO 2709) : E-mail record : QR code < ปิดหน้าต่าง
LEADER : 00000nam 2200000uu 4500
001    13399122712
003     ULIB
008    020711s2555 th a 000 0 tha d
020    9789742473693
050  4 DS520^bอ111ร
100    อากิ อคิราภ์
245    เราคืออาเซียน-- กัมพูชา /^cอากิ อคิราภ์
250    พิมพ์ครั้งที่ 3
260    กรุงเทพฯ :^bอมรินทร์คอมมิกส์,^c2555
300    53 หน้า
440  0 ชุด เราคืออาเซียน
650  7 ประชาคมอาเซียน
650  7 อาเซียน
650  7 กัมพูชา
945    ^p75^l0^i20151
999    ^aทศพร เกษรทอง
รายการนี้ยังไม่มีแท็ก
คุณยังไม่ได้ล็อกอิน คุณสามารถมีกิจกรรมร่วมกับเว็บไซต์ได้ แต่ต้องล็อกอินก่อน ::
  ล็อกอิน

รายการสื่อสารสนเทศ

ลำดับที่ ประเภท เลขเรียก/บาร์โค้ด สถานที่ สถานะ
1. การศึกษาทั่วไป
การศึกษาทั่วไป
DS520 อ111ร ฉ.1 
  Barcode: 20151
ห้องสมุดวิทยาเขตนครสวรรค์
►หนังสือทั่วไป:l:General Books
บนชั้น

รายการใกล้เคียง
    ผู้แต่ง [อากิ อคิราภ์]

    หัวเรื่อง [ประชาคมอาเซียน]
    หัวเรื่อง [อาเซียน]
    หัวเรื่อง [กัมพูชา]

BibComment


ยังไม่เคยถูกคอมเมนท์

คอมเมนท์ทรัพยากรรายการนี้
  คอมเมนท์: เราคืออาเซียน กัม..


 Copyright 2026. Bcnsprnw @Library